| Tag |
First Indicator |
Second Indicator |
Subfields |
| LEADER |
00000cam a2200000I 4500 |
| 001 |
in00000042706 |
| 005 |
20151007074833.0 |
| 008 |
800612m19081910sr a b 001 0 dut d |
| 035 |
|
|
|a (OCoLC)ocm06414226
|
| 035 |
|
|
|a (OCoLC)06414226
|
| 035 |
|
|
|9 AAF2186AM
|
| 040 |
|
|
|a TXA
|c TXA
|d GZM
|d TXA
|d UtOrBLW
|
| 043 |
|
|
|a s-gy---
|a s-sr---
|a s-fg---
|
| 049 |
|
|
|a TXAM
|
| 090 |
|
|
|a QL689.G915
|b P5
|
| 092 |
|
|
|a 598.2
|b P397d
|
| 100 |
1 |
|
|a Penard, Frederik Paul.
|
| 245 |
1 |
3 |
|a De vogels van Guyana (Suriname, Cayenne en Demerara) /
|c Door Frederik Paul Penard en Arthur Philip Penard.
|
| 264 |
|
1 |
|a Paramaribo :
|b E.P. Penard,
|c [1908-10]
|
| 300 |
|
|
|a 2 volumes :
|b illustrations ;
|c 25 cm.
|
| 336 |
|
|
|a text
|b txt
|2 rdacontent
|
| 337 |
|
|
|a unmediated
|b n
|2 rdamedia
|
| 338 |
|
|
|a volume
|b nc
|2 rdacarrier
|
| 504 |
|
|
|a Includes bibliographical references and index.
|
| 650 |
|
0 |
|a Birds
|z Guiana.
|
| 700 |
1 |
|
|a Penard, Arthur Philip.
|
| 949 |
|
|
|a updated
|b h
|c 2005/12/13
|e fpiscitelli
|f 3:37:53 pm
|
| 994 |
|
|
|a C0
|b TXA
|
| 999 |
|
|
|a MARS
|
| 999 |
f |
f |
|s a9ac3ad0-a8ff-3bed-8b73-2db182e1aa12
|i ea409300-9c5f-309d-a8be-b0a088bb3aa6
|t 0
|
| 952 |
f |
f |
|p ric
|a Texas A&M University
|b Rellis Campus
|c Joint Library Facility
|d Remote Storage
|t 0
|e QL689.G915 P5
|h Library of Congress classification
|i unmediated -- volume
|k v.1
|m A14801022060
|
| 952 |
f |
f |
|p ric
|a Texas A&M University
|b Rellis Campus
|c Joint Library Facility
|d Remote Storage
|t 0
|e QL689.G915 P5
|h Library of Congress classification
|i unmediated -- volume
|k v.2
|m A14801022078
|
| 998 |
f |
f |
|a QL689.G915 P5
|s v.1-v.2
|t 0
|l Remote Storage
|